| 000 | 00737nam a22002172 4500 | ||
|---|---|---|---|
| 001 | 0000013526 | ||
| 005 | 20151217152125.0 | ||
| 008 | 090909s xx 000 0 eng d | ||
| 020 | _a0195159288 : | ||
| 040 |
_aKABU _cKABU |
||
| 245 | 1 | 0 |
_aStress testing : _bprinciples and practice / _cMyrvin H. Ellestad; with contributions by Ronald H. Startt Selvester, Fred S. Mishkin, Fredrick W. James. |
| 250 | _a5th ed. | ||
| 260 |
_aOxford : _bO. U. P., _c2003. |
||
| 300 | _axi, 546 p. | ||
| 650 | 0 |
_aStress (Physiology) _@0000060814 |
|
| 650 | 0 |
_aExercise tests. _@0000170954 |
|
| 650 | 0 |
_aHeart function tests. _@0000170955 |
|
| 852 | 1 | _9p3712.50 KES | |
| 908 | _a090909 | ||
| 950 | _@1 | ||
| 999 |
_c8515 _d8515 |
||